Концерт № 7 для скрипки с оркестром | Адажио для скрипки с оркестром | Рондо для скрипки с оркестром (Запись № 13550552)

Подробности
000 -МАРКЕР
контрольное поле 03469njm0a2200541 4500
001 - ИДЕНТИФИКАТОР ЗАПИСИ
контрольное поле RU\NLR\ONIZ\307706
005 - ИДЕНТИФИКАТОР ВЕРСИИ
контрольное поле 20260215045246.0
035 ## - ДРУГИЕ СИСТЕМНЫЕ НОМЕРА
Идентификатор записи (NLR Aleph) 022722390
071 00 - ИЗДАТЕЛЬСКИЙ НОМЕР
Номер, присвоенный агентством 33СМ-02765-6
100 ## - ДАННЫЕ ОБЩЕЙ ОБРАБОТКИ
Данные общей обработки 20260215 rusy50
102 ## - СТРАНА ПУБЛИКАЦИИ ИЛИ ПРОИЗВОДСТВА
Страна публикации российская федерация
126 ## - ПОЛЕ КОДИРОВАННЫХ ДАННЫХ: ЗВУКОЗАПИСИ - ФИЗИЧЕСКИЕ ХАРАКТЕРИСТИКИ
Кодированные данные звукозаписи (общие) abbxexu ux
Кодированные данные звукозаписи (уточнения) xxx
127 ## - ПОЛЕ КОДИРОВАННЫХ ДАННЫХ: ПРОДОЛЖИТЕЛЬНОСТЬ ЗВУКОЗАПИСЕЙ И НОТНЫХ ИЗДАНИЙ (МУЗЫКАЛЬНОЕ ИСПОЛНЕНИЕ)
Продолжительность 004200
145 0# - ПОЛЕ КОДИРОВАННЫХ ДАННЫХ: СРЕДСТВО ИСПОЛНЕНИЯ МУЗЫКАЛЬНОГО ПРОИЗВЕДЕНИЯ (УСТАРЕВШЕЕ)
Тип средства исполнения b
200 1# - ЗАГЛАВИЕ И СВЕДЕНИЯ ОБ ОТВЕТСТВЕННОСТИ
Основное заглавие Концерт № 7 для скрипки с оркестром
Общее обозначение материала Звукозапись
Сведения, относящиеся к заглавию Ре мажор
-- К. 271а
Основное заглавие Адажио для скрипки с оркестром
Сведения, относящиеся к заглавию Ми мажор
-- К. 261
Основное заглавие Рондо для скрипки с оркестром
Сведения, относящиеся к заглавию До мажор
-- К. 373
Первые сведения об ответственности В. Моцарт
Последующие сведения об ответственности каденции Дж. Энеску (1)
-- исполняют: Михаил Фихтенгольц, [скрипка], Ансамбль солистов Симфонического оркестра Московской гос. филармонии, дирижер Давид Ойстрах
203 ## - ВИД СОДЕРЖАНИЯ И ТИП СРЕДСТВА
Вид содержания Музыка
Дополнительные сведения об издании исполнительская
Тип средства аудио
210 ## - ПУБЛИКАЦИЯ, РАСПРОСТРАНЕНИЕ И ДР.
Место издания, распространения и т.д. Москва
Имя издателя, распространителя и т. д. Мелодия
Имя изготовителя ВСГ
Место изготовления Москва
Дата издания, распространения и т.д. [19--]
215 ## - ФИЗИЧЕСКАЯ ХАРАКТЕРИСТИКА
Специфическое обозначение материала и объем 1 грп. [ГОСТ 5289-68] (42 мин) : 33 об/мин, стерео
Размеры 30 см, в конв.
300 ## - ОБЩИЕ ПРИМЕЧАНИЯ
Текст примечания Коммент. на конв.
606 1# - НАИМЕНОВАНИЕ ТЕМЫ КАК ПРЕДМЕТ
Наименование темы Композиторы зарубежные
Географический подзаголовок Австрия
Хронологический подзаголовок 18 век
Формальный подзаголовок Звукозапись
Код системы nlr_sh
606 1# - НАИМЕНОВАНИЕ ТЕМЫ КАК ПРЕДМЕТ
Наименование темы Инструментальная музыка австрийская
Хронологический подзаголовок 18 век
Формальный подзаголовок Звукозапись
Код системы nlr_sh
606 1# - НАИМЕНОВАНИЕ ТЕМЫ КАК ПРЕДМЕТ
Наименование темы Концерты для скрипки с оркестром
Географический подзаголовок Австрия
Хронологический подзаголовок 18 в.
Формальный подзаголовок Звукозапись
Код системы nlr_sh
606 1# - НАИМЕНОВАНИЕ ТЕМЫ КАК ПРЕДМЕТ
Наименование темы Адажио для скрипки с оркестром
Географический подзаголовок Австрия
Хронологический подзаголовок 18 в.
Формальный подзаголовок Звукозапись
Код системы nlr_sh
-- ca
606 1# - НАИМЕНОВАНИЕ ТЕМЫ КАК ПРЕДМЕТ
Наименование темы Рондо для скрипки с оркестром
Тематический подзаголовок Звукозапись
Географический подзаголовок Австрия
Хронологический подзаголовок 18 в.
Формальный подзаголовок Звукозапись
Код системы nlr_sh
606 1# - НАИМЕНОВАНИЕ ТЕМЫ КАК ПРЕДМЕТ
Наименование темы Скрипачи советские
Хронологический подзаголовок 20 век
Формальный подзаголовок Звукозапись
Код системы nlr_sh
606 1# - НАИМЕНОВАНИЕ ТЕМЫ КАК ПРЕДМЕТ
Наименование темы Дирижёры советские
Хронологический подзаголовок 20 век
Формальный подзаголовок Звукозапись
Код системы nlr_sh
606 1# - НАИМЕНОВАНИЕ ТЕМЫ КАК ПРЕДМЕТ
Наименование темы Инструментальные ансамбли советские
Тематический подзаголовок исполнители
Географический подзаголовок СССР
Хронологический подзаголовок 20 в.
Формальный подзаголовок Звукозапись
Код системы nlr_sh
-- ca
686 0# - ИНДЕКСЫ ДРУГИХ КЛАССИФИКАЦИЙ
Индекс Щ955.4-042(4А)
686 0# - ИНДЕКСЫ ДРУГИХ КЛАССИФИКАЦИЙ
Индекс Щ955.4-057(4А)
686 0# - ИНДЕКСЫ ДРУГИХ КЛАССИФИКАЦИЙ
Индекс Щ955.4-056(4А)
700 #1 - ИМЯ ЛИЦА - ПЕРВИЧНАЯ ОТВЕТСТВЕННОСТЬ
Системный номер авторитетной/нормативной записи z08790
Начальный элемент ввода Моцарт
Часть имени, кроме начального элемента ввода В. А.
Даты 1756-1791
Расширение инициалов личного имени Вольфганг Амадей
Код отношения Композитор
Графика поля Кириллица
702 #1 - ИМЯ ЛИЦА - ВТОРИЧНАЯ ОТВЕТСТВЕННОСТЬ
Системный номер авторитетной/нормативной записи z05790
Начальный элемент ввода Фихтенгольц
Часть имени, кроме начального элемента ввода М. И.
Даты 1920-1985
Расширение инициалов личного имени Михаил Израилевич
Код отношения Музыкант
Графика поля Кириллица
702 #1 - ИМЯ ЛИЦА - ВТОРИЧНАЯ ОТВЕТСТВЕННОСТЬ
Системный номер авторитетной/нормативной записи z06790
Начальный элемент ввода Энеску
Часть имени, кроме начального элемента ввода Д.
Даты 1881-1955
Расширение инициалов личного имени Джордже
Код отношения Аранжировщик, Оркестровщик, Реализатор генерал-баса (редуцированной нотации)
Графика поля Кириллица
702 #1 - ИМЯ ЛИЦА - ВТОРИЧНАЯ ОТВЕТСТВЕННОСТЬ
Системный номер авторитетной/нормативной записи z07790
Начальный элемент ввода Ойстрах
Часть имени, кроме начального элемента ввода Д.
Даты 1908-1974
Расширение инициалов личного имени Давид
Код отношения Дирижер, Руководитель оркестра
Графика поля Кириллица
712 02 - НАИМЕНОВАНИЕ ОРГАНИЗАЦИИ - ВТОРИЧНАЯ ОТВЕТСТВЕННОСТЬ
Начальный элемент ввода Ансамбль солистов Академического симфонического оркестра Московской государственной филармонии
Код отношения Исполнитель
Графика поля Кириллица
790 #1 - ИМЯ ЛИЦА - АЛЬТЕРНАТИВНАЯ ФОРМА
Системный номер авторитетной/нормативной записи z05702
Начальный элемент ввода Fichtengolz
Часть имени, кроме начального элемента ввода M. I.
Даты 1920-1985
Расширение инициалов личного имени Miсhail Izrailevič
Код отношения Музыкант
Графика поля Латинская
790 #1 - ИМЯ ЛИЦА - АЛЬТЕРНАТИВНАЯ ФОРМА
Системный номер авторитетной/нормативной записи z06702
Начальный элемент ввода Enescu
Часть имени, кроме начального элемента ввода G.
Даты 1881-1955
Расширение инициалов личного имени George
Код отношения Аранжировщик, Оркестровщик, Реализатор генерал-баса (редуцированной нотации)
Графика поля Латинская
790 #1 - ИМЯ ЛИЦА - АЛЬТЕРНАТИВНАЯ ФОРМА
Системный номер авторитетной/нормативной записи z07702
Начальный элемент ввода Ojstrach
Часть имени, кроме начального элемента ввода D.
Даты 1908-1974
Расширение инициалов личного имени David
Код отношения Дирижер, Руководитель оркестра
Графика поля Латинская
790 #1 - ИМЯ ЛИЦА - АЛЬТЕРНАТИВНАЯ ФОРМА
Системный номер авторитетной/нормативной записи z08700
Начальный элемент ввода Mozart
Часть имени, кроме начального элемента ввода W. A.
Даты 1756-1791
Расширение инициалов личного имени Wolfgang Amadeus
Код отношения Композитор
801 #0 - ИСТОЧНИК ЗАПИСИ
Страна российская федерация
Организация NLR
Дата составления 20250522
Правила каталогизации PSBO
801 #1 - ИСТОЧНИК ЗАПИСИ
Страна российская федерация
Организация NLR
Дата составления 20250522
Источник данных rusmarc
801 #2 - ИСТОЧНИК ЗАПИСИ
Страна российская федерация
Организация NLR
Дата составления 20260129
852 ## - МЕСТОНАХОЖДЕНИЕ И ШИФР ХРАНЕНИЯ
Идентификатор организации NLR
Префикс шифра хранения Мг
Шифр хранения (Call Number) 3/10245
Идентификатор единицы 44281
Номер экземпляра 1
942 ## - ДОПОЛНИТЕЛЬНЫЕ ЭЛЕМЕНТЫ ЗАПИСИ (АБИС)
Тип экземпляра АБИС Звукозапись
980 ## - КОЛЛЕКЦИЯ
Название коллекции Отдел нот и звукозаписей
980 ## - КОЛЛЕКЦИЯ
Название коллекции Национальная библиография

Нет доступных экземпляров.